Statistiques concernant Paroles "Le chant du renne" - La reine des neiges (Disney)

Cliquez ici pour prendre le quiz!

Statistiques générales

  • Ce quiz a été pris 80 fois
  • Le résultat moyen est 53 sur 70

Statistiques - réponses

PersonnageParoles% Correct
hommes
95%
hommes
95%
hommes
95%
KristoffLes
95%
les
95%
les
95%
les
95%
les
95%
que
95%
que
95%
que
95%
rennes
95%
rennes
95%
sont
95%
sont
95%
Sven
91%
Sven
91%
Sven
91%
ma
88%
toi
86%
toi
86%
se
85%
il
80%
penses-tu
80%
penses-tu
80%
qu'en
80%
Kristoff
78%
et
77%
ami
75%
mais
75%
moi
75%
sauf
75%
sauf
75%
tous
75%
meilleurs
74%
pour
74%
pour
74%
tu
74%
"Sven"C'est
72%
fait
72%
sans
72%
je
71%
je
71%
tard
71%
tard
71%
"Sven"très
71%
vrai
71%
bien
69%
méchants
68%
moins
68%
dès
66%
foi
66%
mon
66%
peine
66%
sentent
66%
comme
63%
mauvais
63%
"Sven"Oui
63%
su
63%
Kristoffendors-toi
62%
t'ai
62%
vu
62%
l'ai
60%
eu
57%
m'as
57%
têtus
52%
merci
49%
KristoffOh
48%
vieux
45%
médisants
35%

Distribution des résultats

Percentile par nombre de réponses

% des personnes avec chaque résultat

Votre développement - résultats

Vous n’avez pas pris ce quiz